Statistics for Top 50 universities in the world

Click here to take the quiz!

General Stats

  • This quiz has been taken 268 times
  • The average score is 9 of 50

Answer Stats

HintAnswer% Correct
USAUniversity of Cambridge
90%
USAHarvard University
89%
USAYale University
76%
UKMassachusetts Institute of Technology
57%
USAStanford University
55%
UKUniversity College, London
46%
USAUniversity of California, Los Angeles
35%
UKUniversity of Oxford
31%
USANew York University
27%
USAPrinceton University
24%
USACalifornia Institute of Technology
23%
USAColumbia University
21%
USAUniversity of Pennsylvania
20%
CanadaUniversity of Toronto
20%
USAUniversity of California, Berkeley
19%
USAUniversity of Chicago
18%
AustraliaUniversity of Sydney
18%
USABrown University
17%
USACornell University
17%
CanadaMcGill University
17%
AustraliaUniversity of Melbourne
17%
JapanUniversity of Tokyo
16%
USADuke University
13%
USANorthwestern University
13%
UKUniversity of Edinburgh
13%
USAUniversity of Michigan
13%
AustraliaAustralian National University
11%
USAJohns Hopkins University
10%
SwitzerlandETH Zürich
9%
SingaporeNational University of Singapore
9%
CanadaUniversity of British Columbia
9%
UKImperial College, London
8%
UKKing's College, London
8%
ChinaUniversity of Hong Kong
8%
UKUniversity of Manchester
7%
ChinaPeking University
6%
USACarnegie Mellon University
5%
FranceÉcole Polytechnique
5%
South KoreaSeoul National University
5%
ChinaTsinghua University
5%
JapanKyoto University
4%
ChinaChinese University of Hong Kong
3%
SwitzerlandÉcole Polytechnique Fédérale de Lausanne
3%
ChinaHong Kong University of Science and Technology
3%
ChinaNanyang Technological University
3%
JapanOsaka University
3%
UKUniversity of Bristol
3%
AustraliaUniversity of Queensland
3%
FranceÉcole Normale Supérieure, Paris
1%
USAUniversity of Wisconsin-Madison
1%

Score Distribution

Percentile by Number Answered

Percent of People with Each Score

Your Score History

You have not taken this quiz